000
00335nam a2200145Ia 4500
005
20251222152029.0
008
251222s9999||||xx |||||||||||||| ||spa||
020
_a
8422694484
082
_a
823.914/W58
100
_a
Wilson, James
245
0
_a
La Clave Oculta
250
_a
1ra.ed.
264
_b
CĂrculo de Lectores
942
_c
LIB
999
_c
25610
_d
25610